004880000a2200133000450024501400000065000180014065000230015865300360018165300130021704100130023070000190024310000220026277300700028410aRe-discovery, re-description and elevation to species status of Myriochile (Monelica) pauliani (Colas, 1942) (Coleoptera: Cicindelidae)14aEntomología14aTaxonomía animal gMyriochileeMyriochile pauliani gMonelica0 aInglés1 aCassola, Fabio1 aSerrano, Artur R.1 tBoletim da Sociedade Portuguesa de Entomologiah151q2-6d1995g6